Top 30 des chansons de K-pop les plus écoutées sur YouTube - Statistiques

Statistiques générales
  • Ce quiz a été pris 261 fois
    118 depuis la dernière actualisation
  • Le résultat moyen est 12 sur 30
Statistiques - réponses
Nombre de vues
Titre
% Correct
2,01 Md de vues BTS - Dynamite
88%
1,05 Md de vues BTS - Butter
79%
2,1 Md de vues BLACKPINK - Kill This Love
70%
848 M de vues PSY (ft. HYUNA) - Oppan Ttak Nae Style (Hyuna's version of GANGNAM STYLE)
65%
5,7 Md de vues PSY - GANGNAM STYLE
65%
1,91 Md de vues BLACKPINK - How You Like That (Dance performance)
59%
1,351 Md de vues BLACKPINK - How You Like That (Music video)
59%
1,02 Md de vues BLACKPINK - Pink Venom
55%
2,3 Md de vues BLACKPINK - DDU-DU DDU-DU
52%
1,63 Md de vues BTS - DNA
45%
1,353 Md de vues BTS - FAKE LOVE
43%
1,83 Md de vues BLACKPINK - BOOMBAYAH
42%
768 M de vues BLACKPINK - Shut Down
40%
1,88 Md de vues BTS (ft. Halsey) - Boy With Luv
38%
774 M de vues BTS - FIRE
36%
806 M de vues BIGBANG - BANG BANG BANG
34%
1,48 Md de vues BLACKPINK - AS IF IT'S YOUR LAST
28%
1,357 Md de vues BTS - IDOL
28%
1,16 Md de vues LISA - MONEY (Video performance)
28%
943 M de vues BLACKPINK - WHISTLE
27%
1,01 Md de vues BTS - Blood Sweat & Tears
26%
1,70 Md de vues PSY - GENTLEMAN
26%
982 M de vues BLACKPINK (ft. Selena Gomez) - Ice Cream
24%
878 M de vues TWICE - What is Love?
24%
1,53 Md de vues BTS - Mic Drop (Steve Aoki Remix)
23%
1,06 Md de vues JENNIE - SOLO
23%
939 M de vues BLACKPINK - PLAYING WITH FIRE
22%
826 M de vues BTS - DOPE
22%
830 M de vues BLACKPINK - Lovesick Girls
22%
791 M de vues BTS - Save Me
15%
Aucun quiz correspondant
Distribution des résultats
% des personnes avec chaque résultat
Percentile par nombre de réponses
Votre historique - résultats
Vous n’avez pas pris ce quiz depuis la dernière actualisation